000 00627nam a2200205Ia 4500
001 15322
003 GE_BSU
008 181216s||||||||xx |||||||||||||| ||und||
040 _cGE_BSU
080 _a355.48(470)(092)
100 _aშერვაშიძე, ამირან
245 _aბაგრატიონი
245 _cრედ.ლ.ბეჟანიძე.მხატვ.თ.დიასამიძე
260 _aბათუმი
260 _bსაბჭოთა აჭარა
260 _c1963
300 _a141გვ.21სმ.
653 _aბაგრატიონი
942 _cBK
999 _c48430
_d48430